World without borders

Gespeichert in:
Bibliographische Detailangaben
1. Verfasser: Brown, Lester R (VerfasserIn)
Format: Buch
Sprache:Englisch
Veröffentlicht: Nueva York Vintage 1973
Schlagworte:
Tags: Tag hinzufügen
Keine Tags, Fügen Sie den ersten Tag hinzu!

MARC

LEADER 00000nam a2200000 a 4500
001 UCT7046
003 CL-VaPUC
008 970116e19730000US |||||||||||||||||eng|d
082 0 4 |a 327.1  |b BRO  |2 21 
100 0 |a Brown, Lester R  |e author  |9 377628 
245 1 0 |a World without borders 
300 |a 395 p 
942 |c BK 
945 |d 19970116 00:00:00  |a paguirre 
260 |a Nueva York  |b Vintage  |c 1973 
650 0 |a Relaciones Internacionales  |9 255740 
650 0 |a Cooperación internacional  |9 255447 
650 0 |a Política internacional  |9 255813 
650 7 |a COOPERACION EDUCACIONAL  |2 CL-VaPUC  |9 377629 
650 7 |a SISTEMAS ECONOMICOS INTERNACIONALES  |2 CL-VaPUC  |9 338633 
650 7 |a POBLACION MUNDIAL  |2 CL-VaPUC  |9 334656 
583 |a last modification  |c 19970116 00:00:00  |k Rodrigo Vera 
999 |c 255708  |d 255706 
952 |0 0  |1 0  |4 0  |6 327_100000000000000_BRO_1973  |7 0  |8 A  |9 278088  |a BIBDER  |b BIBDER  |d 2019-11-19  |i 1805622  |o 327.1 BRO 1973  |p 1805622  |r 2023-01-25  |w 2019-11-19  |y BK  |k DER